Autobiography or the story of experiments with truth (Record no. 3467)

MARC details
000 -LEADER
fixed length control field 00559cam a2200193ua 4500
008 - FIXED-LENGTH DATA ELEMENTS--GENERAL INFORMATION
fixed length control field 111126n ii |||gr||||Z||||||eng
040 ## - CATALOGING SOURCE
Transcribing agency MAIN
082 ## - DEWEY DECIMAL CLASSIFICATION NUMBER
Classification number 920
100 ## - MAIN ENTRY--PERSONAL NAME
Personal name Gandhi, M. K.,
Relator term
245 11 - TITLE STATEMENT
Title Autobiography or the story of experiments with truth
Statement of responsibility, etc. by M. K. Gandhi
250 ## - EDITION STATEMENT
Edition statement 2nd.
260 ## - PUBLICATION, DISTRIBUTION, ETC.
Place of publication, distribution, etc. Ahmedabad:
Name of publisher, distributor, etc. Vajivan publishing house,948.
300 ## - PHYSICAL DESCRIPTION
Extent 640p:
Dimensions 23cm.
700 ## - ADDED ENTRY--PERSONAL NAME
Personal name Desai, Mahadev,
Relator term
942 ## - ADDED ENTRY ELEMENTS (KOHA)
Koha item type Books
653 ## - INDEX TERM--UNCONTROLLED
Uncontrolled term Autobiography
653 ## - INDEX TERM--UNCONTROLLED
Uncontrolled term Autobiography or the story of experiments with truth
Holdings
Withdrawn status Lost status Damaged status Not for loan Home library Current library Shelving location Date acquired Total Checkouts Full call number Barcode Date last seen Copy number Price effective from Koha item type
        Central Library, Naharkatiya College Central Library, Naharkatiya College General Stacks 19/09/2020   920 | GAN 6230 19/09/2020 1 19/09/2020 Books

Naharkatiya College © 2020. All rights reserved.

Powered By